| 000 | 00555nam a22001817a 4500 | ||
|---|---|---|---|
| 003 | AM-YeHGA | ||
| 005 | 20250617154007.0 | ||
| 008 | 180409s xxu||||| |||| 00| 0 rus d | ||
| 040 | _aAM-YeHGA | ||
| 041 | 0 | _arus | |
| 100 | 1 | _aБлагов, Николай Николаевич | |
| 245 | 1 | 0 |
_aВолга : _b[Поэма и стихи] / _cНиколай Благов |
| 260 |
_aУльяновск : _bУльян. правда, _c1957 |
||
| 300 | _a78 с. | ||
| 653 | 0 | _aРусская литература | |
| 942 |
_2udc _cBK |
||
| 090 | _c404627 | ||
| 999 |
_c402412 _d402412 |
||